[Event "Mislata-B 46th"]
[Site "Mislata"]
[Date "2012.08.14"]
[Round "3"]
[White "Cuesta Amat, David"]
[Black "Jiang Vicente, Daniel"]
[Result "0-1"]
[WhiteElo "1366"]
[BlackElo "1544"]
[PlyCount "60"]
[EventDate "2012.08.13"]
[EventType "tourn"]
[EventRounds "9"]
[EventCountry "ESP"]
[SourceTitle "EXT 2014"]
[Source "ChessBase"]
[SourceDate "2013.11.20"]
[SourceVersion "1"]
[SourceVersionDate "2013.11.20"]
[SourceQuality "1"]

1. c4 Nf6 2. g3 e5 3. Nc3 Bb4 4. Bg2 Bxc3 5. bxc3 0-0 6. e3 d6 7. d4 Nbd7 8. Ne2 c6 9. 0-0 Nb6 10. dxe5 dxe5 11. Ba3 Re8 12. Qxd8 Rxd8 13. Be7 Re8 14. Bxf6 gxf6 15. c5 Na4 16. Rfd1 Nxc5 17. Rd6 Be6 18. Rad1 Kg7 19. f4 Bxa2 20. f5 Bc4 21. Kf2 Na4 22. Ng1 Rab8 23. R6d2 Ba6 24. Rc1 Red8 25. Rxd8 Rxd8 26. Ne2 Nc5 27. Kf1 Bd3 28. Ra1 a6 29. Ke1 Bxf5 30. h3 Be4 0-1